书目信息 |
| 题名: |
电动力学习题集
|
|
| 作者: | 巴蒂金 , 托普蒂金 编 ;汪镇藩 , 郑锡琏 译 | |
| 分册: | ||
| 出版信息: | 北京 人民教育出版社 1964 |
|
| 页数: | 513页 | |
| 开本: | 21cm | |
| 丛书名: | ||
| 单 册: | ||
| 中图分类: | O442 | |
| 科图分类: | ||
| 主题词: | 电动力学--习题 | |
| 电子资源: | ||
| ISBN: | ||
| 000 | 00821nam0 2200265 45 | |
| 001 | 0181005125 | |
| 005 | 20070922110704.07 | |
| 010 | @dCNY1.50 | |
| 091 | @a13012.0188 | |
| 100 | @a19950615d1964 emky0chiy0121 ea | |
| 101 | 1 | @achi@crus |
| 102 | @aCN@b110000 | |
| 105 | @ay z 000yy | |
| 200 | 10 | @a电动力学习题集@Adian dong li xue xi ti ji@f(苏)В·В·巴蒂金,И·Н·托普蒂金编@F(su)В·В·ba di jin,И·Н·tuo pu di jin bian@g汪镇藩,郑锡琏译 |
| 210 | @a北京@c人民教育出版社@d1964 | |
| 215 | @a513页@d21cm | |
| 606 | @a电动力学@x习题 | |
| 690 | @aO442@v4 | |
| 701 | 0 | @a巴蒂金@Aba di jin@4编 |
| 701 | 0 | @a托普蒂金@Atuo pu di jin@4编 |
| 702 | 0 | @a汪镇藩@Awang zhen fan@4译 |
| 702 | 0 | @a郑锡琏@Azheng xi lian@4译 |
| 801 | 2 | @aCN@bNLC@c20070922 |
| 801 | 0 | @aCN@b上海图书馆@c20060814 |
| 905 | @dO442@e11 | |
| 电动力学习题集/(苏)В·В·巴蒂金,И·Н·托普蒂金编/汪镇藩,郑锡琏译.-北京:人民教育出版社,1964 |
| 513页;21cm |
| ISBN :CNY1.50 |
| ● |
| 相关链接 |
|
|
|
|
正题名:电动力学习题集
索取号:O442/11
 
预约/预借
| 序号 | 登录号 | 条形码 | 馆藏地/架位号 | 状态 | 备注 |
| 1 | 0009937 | 202224878 | 密集书库/ [索取号:O442/11] | 在馆 | |
| 2 | 0009939 | 202224814 | 密集书库/ [索取号:O442/11] | 在馆 | |
| 3 | 0009940 | 202224869 | 密集书库/ [索取号:O442/11] | 在馆 | |
| 4 | 0012732 | 202224805 | 密集书库/ [索取号:O442/11] | 在馆 | |
| 5 | 0420103 | 204201032 | 密集书库/ [索取号:O442/11] | 在馆 | |
| 6 | 0432693 | 204326933 | 密集书库/ [索取号:O442/11] | 在馆 | |
| 7 | 0432789 | 204327898 | 密集书库/ [索取号:O442/11] | 在馆 | |
| 8 | 0433101 | 204331017 | 密集书库/ [索取号:O442/11] | 在馆 | |
| 9 | 0433776 | 204337761 | 密集书库/ [索取号:O442/11] | 在馆 | |
| 10 | 0434057 | 204340579 | 密集书库/ [索取号:O442/11] | 在馆 | |
| 11 | 0434058 | 204340588 | 密集书库/ [索取号:O442/11] | 在馆 | |
| 12 | 0455058 | 204550583 | 密集书库/ [索取号:O442/11] | 在馆 | |
| 13 | 0455059 | 204550592 | 密集书库/ [索取号:O442/11] | 在馆 | |
| 14 | 0455060 | 204550609 | 密集书库/ [索取号:O442/11] | 在馆 | |
| 15 | 0455061 | 204550618 | 密集书库/ [索取号:O442/11] | 在馆 | |
| 16 | 0460946 | 204609469 | 密集书库/ [索取号:O442/11] | 在馆 | |
| 17 | 0460947 | 204609478 | 密集书库/ [索取号:O442/11] | 在馆 | |
| 18 | 0460948 | 204609487 | 密集书库/ [索取号:O442/11] | 在馆 | |
| 19 | 0625993 | 206259939 | 密集书库/ [索取号:O442/11] | 在馆 |